000 00974cam a2200205 4500
001 WB3925-08
008 030702n2003 000 0 eng u
035 _a(Sirsi) u122895
245 _aImpact of euro on UK housing market
260 _c2003
490 _aRICS Research
_v9 June 2003 (1)
520 _aResearch from the RICS Policy Unit concluded that early British adoption of the euro is likely to push house prices up by 15-28%. The study was prepared in advance of the Chancellorαs big euro decision on the ♯five economic testsα. "The euro and the UK housing market" is available at www.rics.org/downloads/research_reports/euro_housing_060603.pdf. www.rics.org/ricscms/bin/show?class=ResearchReports&template=/includes/showresearch.html&id=51
590 _aWB
650 _aHOUSE PRICES
650 _aEURO
650 _aEMU
650 _aEUROPEAN MONETARY UNION
690 _aPROPERTY-RESIDENTIAL PROPERTY-RESIDENTIAL PROPERTY MARKET
942 _n0
_2ddc
999 _c72986
_d72986